1244 1011 1437 1483 1414 1838 1703 1511 1002 1603 1236 1365 1017 1851 1206 1118 1040 1857 1488 1894 1006 1631 1780 1351 1090 1716 1869 1172 1349 1295 1726 1005 1542 1243 1201 1934 1869 1917 1706 1430 1222 1122 1227 1977 1317 1131 1685 1809 1999 1258 1189 1407 1756 1707 1592 1256 1284 1905 1673 1087 1153 1033 1355 1065 1895 1554 1516 1142 1283 1733 1988 1689 1368 1783 1475 1031 1088 1466 1907 1798 1856 1885 1311 1643 1877 1470 1364 1134 1753 1773 1787 1856 1869 1319 1854 1576 1467 1081 1487 BCNSPRNW ULIB Ver.6.0+V

เปลี่ยนเป็นภาษาไทย

Change to English
 แสดงรายละเอียดบรรณานุกรม
  กลับหน้าหลัก

Brief Record : Get Marc (ISO 2709) : E-mail record : QR code < ปิดหน้าต่าง
LEADER : 00000nam 2200000uu 4500
001    13399120731
003     ULIB
008    121005s2552||||th 000 0 tha d
020    ^a9786117023019
050 04 ^aBQ4420.G6^bร649ค
100 0  ^aรุ่งอรุณ
245 10 ^aคู่มือสร้างบุญ อุ่นใจตลอดชาติ /^cรุ่งอรุณ
260    ^aกรุงเทพฯ :^bbusy-day,^c2552
300    ^a237 หน้า
650  7 ^aทำบุญ
945    ^p155^l0^i16184
949    ^aวิภา
999 ^a ใช้งานได้ทุกระบบ
รายการนี้ยังไม่มีแท็ก
คุณยังไม่ได้ล็อกอิน คุณสามารถมีกิจกรรมร่วมกับเว็บไซต์ได้ แต่ต้องล็อกอินก่อน ::
  ล็อกอิน

รายการสื่อสารสนเทศ

ลำดับที่ ประเภท เลขเรียก/บาร์โค้ด สถานที่ สถานะ
1. วิทยาศาสตร์การแพทย์ และสุขภาพ
วิทยาศาสตร์การแพทย์ และสุขภาพ
BQ4420.G6 ร649ค  
  Barcode: 16184
ห้องสมุดวิทยาเขตสวรรค์ประชารักษ์
►หนังสือทั่วไป
บนชั้น

รายการใกล้เคียง
    ผู้แต่ง [รุ่งอรุณ]

    หัวเรื่อง [ทำบุญ]

BibComment


ยังไม่เคยถูกคอมเมนท์

คอมเมนท์ทรัพยากรรายการนี้
  คอมเมนท์: คู่มือสร้างบุญ อ..


 Copyright 2026. Bcnsprnw @Library